Interview questions in C programming / (Record no. 18618)

MARC details
000 -LEADER
fixed length control field 01041cam a2200289 a 4500
005 - DATE AND TIME OF LATEST TRANSACTION
control field 20080604192006.0
008 - FIXED-LENGTH DATA ELEMENTS--GENERAL INFORMATION
fixed length control field 070725s2008 nyua f 001 0 eng
010 ## - LCCN (DPL NO)
LC control number ENG-91625
020 ## - INTERNATIONAL STANDARD BOOK NUMBER
International Standard Book Number 9788183332934
Terms of availability 399.00
020 ## - INTERNATIONAL STANDARD BOOK NUMBER
International Standard Book Number 8183332935
Terms of availability 399.00
035 ## - SYSTEM CONTROL NUMBER
System control number EN-75158
037 ## - SOURCE OF ACQUISITION
Source of stock number/acquisition DBAD / PUB
040 ## - CATALOGING SOURCE
Original cataloging agency dpl
Language of cataloging English
082 ## - DEWEY DECIMAL CLASSIFICATION NUMBER
Classification number 005.13
100 ## - MAIN ENTRY--PERSONAL NAME
Personal name Kanetkar, Yashavant P.
245 ## - TITLE STATEMENT
Title Interview questions in C programming /
Statement of responsibility, etc by Yashavant P. Kanetkar [and] Asang Dani
260 ## - PUBLICATION, DISTRIBUTION, ETC. (IMPRINT)
Place of publication, distribution, etc New Delhi
Name of publisher, distributor, etc BPB Publications
Date of publication, distribution, etc 2008
270 ## - ADDRESS
Address B-14, Connaught Place
City New Delhi
Postal code 110001
300 ## - PHYSICAL DESCRIPTION
Extent v, 510 p.
Dimensions 24 cm (pbk)
650 ## - SUBJECT ADDED ENTRY--TOPICAL TERM
Topical term or geographic name as entry element Computer programming
650 ## - SUBJECT ADDED ENTRY--TOPICAL TERM
Topical term or geographic name as entry element C (Computer program language)
650 ## - SUBJECT ADDED ENTRY--TOPICAL TERM
Topical term or geographic name as entry element programming language
700 ## - ADDED ENTRY--PERSONAL NAME
Personal name Dani, Asang
710 ## - ADDED ENTRY--CORPORATE NAME
Corporate name or jurisdiction name as entry element CNET (Firm)
942 ## - ADDED ENTRY ELEMENTS (KOHA)
Source of classification or shelving scheme Dewey Decimal Classification
Item type English Books
Call number suffix KAN
Classification part 005.13
Holdings
Withdrawn status Lost status Source of classification or shelving scheme Damaged status Not for loan Collection code Home library Current library Date acquired Source of acquisition Cost, normal purchase price Total Checkouts Full call number Barcode Date last seen Copy number Cost, replacement price Koha item type
    Dewey Decimal Classification   Not For Loan Non-fiction D.B.Act.Division D.B.Act.Division 18/11/2008 DBAD / PUB 399.00   005.13 KAN EN-75158 18/11/2008 1 399.00 English Books

© Delhi Public Library
Hit Counter
free hit counter